[Event "London Golders Green op U1900 4th"]
[Site "London"]
[Date "2014.08.25"]
[Round "6"]
[White "Gergelova, Monika"]
[Black "Mondal, Simona"]
[Result "1-0"]
[WhiteElo "1275"]
[BlackElo "1233"]
[PlyCount "87"]
[EventDate "2014.08.23"]
[EventType "swiss"]
[EventRounds "6"]
[EventCountry "ENG"]
[SourceTitle "EXT 2018"]
[Source "ChessBase"]
[SourceDate "2017.10.13"]
[SourceVersion "1"]
[SourceVersionDate "2017.10.13"]
[SourceQuality "1"]

1. d4 d5 2. Nf3 Nc6 3. e3 Nf6 4. Nbd2 Bg4 5. Be2 e6 6. c3 Bd6 7. 0-0 0-0 8. Bd3 Re8 9. h3 Bh5 10. Re1 e5 11. dxe5 Nxe5 12. Be2 c6 13. Nxe5 Rxe5 14. Bxh5 Rxh5 15. Qf3 Qe7 16. Nf1 Qe4 17. Qe2 Qc4 18. Qf3 Qe4 19. Qe2 Re8 20. Nd2 Qh4 21. Nf3 Qe4 22. Nd2 Qg6 23. Qf3 Ne4 24. g4 Nxd2 25. Bxd2 Re6 26. Kf1 Rf6 27. Qg2 Rh4 28. b3 Qe4 29. Re2 Qxg2+ 30. Kxg2 b5 31. b4 c5 32. a4 a6 33. axb5 axb5 34. Ra8+ Bf8 35. e4 cxb4 36. cxb4 Re6 37. f4 Rxe4 38. Rxe4 dxe4 39. Be3 g6 40. Kg3 Rh6 41. Re8 Kg7 42. Rxe4 Bxb4 43. Rxb4 g5 44. f5 1-0

[Event "London Golders Green op U1900 4th"]
[Site "London"]
[Date "2014.08.24"]
[Round "3"]
[White "Rogal, Chris"]
[Black "Mondal, Simona"]
[Result "1-0"]
[WhiteElo "1681"]
[BlackElo "1233"]
[PlyCount "91"]
[EventDate "2014.08.23"]
[EventType "swiss"]
[EventRounds "6"]
[EventCountry "ENG"]
[SourceTitle "EXT 2018"]
[Source "ChessBase"]
[SourceDate "2017.10.13"]
[SourceVersion "1"]
[SourceVersionDate "2017.10.13"]
[SourceQuality "1"]

1. d4 d5 2. Bg5 f6 3. Bh4 g5 4. Bg3 Bf5 5. e3 a6 6. Bd3 Be6 7. Nd2 Bf7 8. c3 h5 9. h4 g4 10. Ne2 Bg7 11. Qb3 b6 12. c4 e6 13. Rc1 Nd7 14. cxd5 exd5 15. Bxc7 Qe7 16. Bg3 Nh6 17. Bxa6 0-0 18. Bd3 f5 19. 0-0 Ra5 20. Rc7 Rfa8 21. a3 Be6 22. Rfc1 Qd8 23. Nf4 Bf7 24. Nxh5 Bxh5 25. Qxd5+ Rxd5 26. Bc4 Bf7 27. Bxd5 Bxd5 28. b4 Kh8 29. Bf4 Nf7 30. g3 Bh6 31. Bxh6 Nxh6 32. R7c3 Nf7 33. Ra1 Nd6 34. a4 Ne4 35. Nxe4 Bxe4 36. a5 bxa5 37. bxa5 Rxa5 38. Rac1 Ra8 39. Rc7 Nb6 40. f3 Bxf3 41. Rf7 Be4 42. Rcc7 Nd5 43. Rh7+ Kg8 44. Rcg7+ Kf8 45. Rb7 Qa5 46. Rh8# 1-0

[Event "London Golders Green op U1900 4th"]
[Site "London"]
[Date "2014.08.23"]
[Round "2"]
[White "Mondal, Simona"]
[Black "Kazmierczak, Milosz"]
[Result "0-1"]
[WhiteElo "1233"]
[BlackElo "1790"]
[PlyCount "86"]
[EventDate "2014.08.23"]
[EventType "swiss"]
[EventRounds "6"]
[EventCountry "ENG"]
[SourceTitle "EXT 2018"]
[Source "ChessBase"]
[SourceDate "2017.10.13"]
[SourceVersion "1"]
[SourceVersionDate "2017.10.13"]
[SourceQuality "1"]

1. e4 c5 2. Nf3 Nc6 3. d4 cxd4 4. Nxd4 Nf6 5. Nc3 e5 6. Nf3 Bc5 7. Bc4 a6 8. 0-0 b5 9. Bb3 d6 10. h3 Nd4 11. Be3 Nxb3 12. axb3 Bxe3 13. fxe3 b4 14. Nd5 Nxe4 15. Kh2 Bb7 16. Nxb4 Qb6 17. Nd5 Qc5 18. c4 a5 19. Qd3 Bxd5 20. Qxd5 Qxd5 21. cxd5 0-0 22. Ra4 Nc5 23. Ra3 Rfb8 24. Nd2 g6 25. Rf6 Ra6 26. Nc4 Ne4 27. Rf1 Rb5 28. g4 Rxd5 29. Re1 Rb5 30. Rd1 f6 31. Kg2 Kf7 32. Kf3 Ng5+ 33. Kg2 Ke6 34. h4 Ne4 35. Kf3 d5 36. Nd2 Nxd2+ 37. Rxd2 Rab6 38. Rd3 e4+ 39. Ke2 exd3+ 40. Kxd3 Rxb3+ 41. Rxb3 Rxb3+ 42. Kc2 Rxe3 43. b3 d4 0-1